000 nam a22 a 4500
999 _c64
_d64
003 BLK
005 20230505133041.0
008 180412b bul|||||r ||||||| ||bul||
010 _aKNG00000094000
040 _aBLK
041 _aBUL
_cBUL
080 _aАмериканска литература (на САЩ)
_b821.111(73)
_x-312.4
_z821.111(73)-312.4
100 1 _aСпилейн, Мики
_eпърви автор
_gМорис, Франк
_9122690
139 _aСпилейн, Мики
_bС 57
245 1 0 _aУбиецо мой
_bКримин. роман
_cМики Спилейн; прев. Елица Тончева; Франк Морис.
257 _aUSA
260 _aСофия
_bРеал
_c1994
300 _a143 с.
_c20 см
380 _aX
500 _aОриг. загл. Killer Mine / Mickey Spillane ; Мики Спилейн - псевд. на Франк Морис. - 10 000 тир.
653 _aромани
653 _aкрими
700 1 _aТончева, Елица
_eпрев.
_9241675
700 1 _aМорис, Франк
_9241676
852 _aЦб 174659
_bЦб
856 4 _qpdf
_u
_i0.00
_ldisable
856 4 _qpdf
_u
_i0.00
_ldisable
942 _cKNG
_n0
_06
_s1
944 _aCR
_c15.01.2003
_kГеновева_Генчева
944 _aED
_c17.05.2005
999 _d64